Southville International School and Colleges
Your cart is empty.
  • Cart
  • Lists
    Public lists Eva Luna New books Lux_list list_1
    Your lists Log in to create your own lists
  • Log in to your account
  • Your cookies
  • Search history
Southville International School and Colleges
  • Advanced search
  • Recent comments
  • Most popular
  • Libraries

Log in to your account

Log in with GOOGLE


If you do not have an external account, but do have a local account, you can still log in:

  1. Home
  2. MARC view: Mga biyahe, mga estasyon = Journeys, junctions /
Normal view MARC view ISBD view

Mga biyahe, mga estasyon = Journeys, junctions / (Record no. 24668)

[ view plain ]
MARC details
000 -LEADER
fixed length control field 00565nam a2200193 a 4500
005 - DATE AND TIME OF LATEST TRANSACTION
control field 20140310183533.0
008 - FIXED-LENGTH DATA ELEMENTS--GENERAL INFORMATION
fixed length control field 110928s19uu xx 00 eng d
020 ## - INTERNATIONAL STANDARD BOOK NUMBER
International Standard Book Number 9789712720420
050 ## - LIBRARY OF CONGRESS CALL NUMBER
Classification number PL 6058.6
Item number .Al444 2008
100 ## - MAIN ENTRY--PERSONAL NAME
Personal name Alma, Rio
245 ## - TITLE STATEMENT
Title Mga biyahe, mga estasyon = Journeys, junctions /
Statement of responsibility, etc Rio Alma.
260 ## - PUBLICATION, DISTRIBUTION, ETC. (IMPRINT)
Place of publication, distribution, etc Pasig City :
Name of publisher, distributor, etc Anvil,
Date of publication, distribution, etc 2008.
300 ## - PHYSICAL DESCRIPTION
Extent 195 p. :
Dimensions 21 cm.
650 ## - SUBJECT ADDED ENTRY--TOPICAL TERM
Topical term or geographic name as entry element Filipino poetry.
650 ## - SUBJECT ADDED ENTRY--TOPICAL TERM
Topical term or geographic name as entry element Philippines poetry (English).
700 ## - ADDED ENTRY--PERSONAL NAME
Personal name translated by Marne L. Kilates.
942 ## - ADDED ENTRY ELEMENTS (KOHA)
Koha item type Books
Source of classification or shelving scheme Library of Congress Classification
Call number prefix Rare Filipiniana
Holdings
Withdrawn status Lost status Source of classification or shelving scheme Damaged status Home library Current library Shelving location Date acquired Total Checkouts Full call number Barcode Date last seen Copy number Price effective from Koha item type
    Library of Congress Classification   College Library College Library Filipiniana Section 09/28/2011   PL 6058.6 .Al444 2008 C13055 05/08/2018 1 10/18/2013 Books

Mga biyahe, mga estasyon = Journeys, junctions /

APA

Alma R., translated by Marne L. Kilates, . (2008). Mga biyahe, mga estasyon = Journeys, junctions. Pasig City: Anvil.

Chicago

Alma Rio, translated by Marne L. Kilates, . 2008. Mga biyahe, mga estasyon = Journeys, junctions. Pasig City: Anvil.

Harvard

Alma R., translated by Marne L. Kilates, . (2008). Mga biyahe, mga estasyon = Journeys, junctions. Pasig City: Anvil.

MLA

Alma Rio, translated by Marne L. Kilates, . Mga biyahe, mga estasyon = Journeys, junctions. Pasig City: Anvil. 2008.

  • Place hold
  • Print
  • Cite
  • Add to your cart (remove)
  • Save record
    BIBTEX Dublin Core MARCXML MARC (non-Unicode/MARC-8) MARC (Unicode/UTF-8) MARC (Unicode/UTF-8, Standard) MODS (XML) RIS
  • More searches
    Search for this title in:
    Other Libraries (WorldCat) Other Databases (Google Scholar) Online Stores (Bookfinder.com) Open Library (openlibrary.org)

Exporting to Dublin Core...

SOUTHVILLE LIBRARY

Southville International School and Colleges Library

1281 Tropical Ave. Cor. Luxembourg St., BF Homes International, Las Pinas City

Tel. No. 8256374 / 252358 Loc. 117/146

Powered by Koha